Statistics for Countries That Google Search "JetPunk" The Most

Click here to take the quiz!

General Stats

  • This quiz has been taken 54 times
    (2 since last reset)
  • The average score is 4 of 10

Answer Stats

RankCountry% Correct
8Ireland
100%
7United Kingdom
100%
2Finland
50%
3France
50%
1Poland
50%
10Switzerland
50%
5Belgium
0%
9Bosnia and Herzegovina
0%
4Croatia
0%
6New Zealand
0%

Score Distribution

Percentile by Number Answered

Percent of People with Each Score

Your Score History

You have not taken this quiz since the last reset